<?xml version="1.0" encoding="UTF-8"?>
<collection xmlns="http://www.loc.gov/MARC21/slim">
  <record>
    <leader>00000nam  2200000   4500</leader>
    <controlfield tag="001">INLIS000000000018451</controlfield>
    <controlfield tag="005">20241118092628</controlfield>
    <datafield tag="035" ind1="#" ind2="#">
      <subfield code="a">0010-1124000117</subfield>
    </datafield>
    <controlfield tag="007">ta</controlfield>
    <controlfield tag="008">241118###########################0######</controlfield>
    <datafield tag="245" ind1="#" ind2="#">
      <subfield code="a">PINTAS :</subfield>
      <subfield code="b">Penguatan Implementasi Tracer Study /</subfield>
      <subfield code="c">Andi Tenry Ellyana Haris, S.ST., M.AB</subfield>
    </datafield>
    <datafield tag="260" ind1="#" ind2="#">
      <subfield code="a">Makassar :</subfield>
      <subfield code="b">Puslatbang KMP LAN RI,</subfield>
      <subfield code="c">2024</subfield>
    </datafield>
    <datafield tag="300" ind1="#" ind2="#">
      <subfield code="a">21 ;</subfield>
      <subfield code="c">30</subfield>
    </datafield>
    <datafield tag="650" ind1="#" ind2="4">
      <subfield code="a">Pemanfaatan prlatfom digital dan media untuk pelacakan alumni</subfield>
    </datafield>
    <datafield tag="700" ind1=" " ind2="#">
      <subfield code="a">Drs. Paramudia, M.Ed., Ph.D (Mentor)</subfield>
    </datafield>
    <datafield tag="700" ind1=" " ind2="#">
      <subfield code="a">Andi Wahyudin, S.E., M.Si (Coach)</subfield>
    </datafield>
    <datafield tag="520" ind1="#" ind2="#">
      <subfield code="a">Isu mengenai kurangnya pembinaan terhadap alumni atau lulusan Administrasi Niaga Politeknik Negeri Ujung Pandang ditetapkan sebagai isu utama untuk diselesaikan. Kurangnya perhatian dalam hal ini terkait pembinaan terhadap alumni di Perguruan Tinggi saat ini mengindikasikan minimnya pengakuan terhadap kontribusi mereka setelah lulus. Pernyataan tersebut menyiratkan bahwa jika suatu institusi tidak memberikan perhatian yang cukup kepada alumni, ini bisa menunjukkan kurangnya dukungan dan pengakuan terhadap kontribusi mereka setelah mereka menyelesaikan pendidikan di institusi tersebut. Alumni sering kali memiliki potensi untuk memberikan dampak positif, baik melalui donasi, jejaring, maupun dukungan profesional. Jika mereka merasa tidak dihargai atau diabaikan, ini dapat mengurangi motivasi mereka untuk terlibat kembali atau mendukung institusi tersebut di masa depan. Upaya yang dilakukan dalam menyelesaikan isu tersebut yaitu dengan merancang dan melaksanakan Tracer Study yang komprehensif dan tepat sasaran. Selain itu, penggunaan teknologi dalam pelaksanaan Tracer Study, seperti pemanfaatan platform digital dan media sosial untuk memudahkan pelacakan alumni. Kegiatan ini kemudian diberi nama PINTAS (Penguatan Implementasi Tracer Study) pada Jurusan Administrasi Niaga Politeknik Negeri Ujung Pandang. Upaya tersebut diharapkan dapat membangun hubungan yang harmonis antara Alumni dan pihak Perguruan Tinggi dalam hal ini Jurusan Administrasi Niaga Program Studi Administrasi Bisnis Politeknik Negeri Ujung Pandang</subfield>
    </datafield>
    <datafield tag="856" ind1="#" ind2="#">
      <subfield code="a">Puslatbang KMP LAN</subfield>
    </datafield>
  </record>
</collection>
